<?xml version="1.0" encoding="UTF-8"?>
<record
    xmlns:xsi="http://www.w3.org/2001/XMLSchema-instance"
    xsi:schemaLocation="http://www.loc.gov/MARC21/slim http://www.loc.gov/standards/marcxml/schema/MARC21slim.xsd"
    xmlns="http://www.loc.gov/MARC21/slim">

  <leader>01362    a2200193   4500</leader>
  <controlfield tag="001">54784</controlfield>
  <controlfield tag="005">20260407155824.0</controlfield>
  <controlfield tag="008">260407a1969    arg                 spa d</controlfield>
  <controlfield tag="003">AR-UNSa-BCEJYS</controlfield>
  <datafield tag="040" ind1=" " ind2=" ">
    <subfield code="a">AR-UNSa-BCEJYS</subfield>
    <subfield code="b">spa</subfield>
    <subfield code="c">AR-UNSa-BCEJYS</subfield>
  </datafield>
  <datafield tag="080" ind1=" " ind2=" ">
    <subfield code="a">316</subfield>
    <subfield code="x">Sociolog&#xED;a</subfield>
  </datafield>
  <datafield tag="245" ind1="1" ind2="0">
    <subfield code="a">Los padres fundadores de la ciencia social</subfield>
  </datafield>
  <datafield tag="264" ind1=" " ind2="1">
    <subfield code="a">Barcelona :</subfield>
    <subfield code="b">Anagrama</subfield>
    <subfield code="c">1969</subfield>
  </datafield>
  <datafield tag="300" ind1=" " ind2=" ">
    <subfield code="a">235 p.</subfield>
    <subfield code="c">20 cm.</subfield>
  </datafield>
  <datafield tag="505" ind1=" " ind2=" ">
    <subfield code="a">1. Adam Ferguson-Donald G. MacRae - 2. Saint-Simon-Steven Lukes - 3. Auguste Comte-Julius Gould - 4. John Stuart Mill-Alan Ryan - 5. Fr&#xE9;derich Le Play-Ronald Fletcher - 6. Karl Marx-Donald G. MacRade - 7. Friedrich Engels-John Rex - 8. Herbert Spencer-John H. Goldthorpe - 9. Edward Tylor-Godfrey Lienhardt - 10. Charles Booth-T. S. Simey - 11. Georges Sorel-Neil McInnes - 12. Vilfredo Pareto-John H. Goldthorpe - 13. Thorstein Veblen-J. A. Banks - 14. Emile Durkheim-John Rex - 15. Georg Simmel-Anthony Giddens - 16. Beatrice y Sidney Webb-Malcolm Warner - 17. L. T. Hobhouse-Morris Ginsberg - 18. Robert E. Park-Everett C. Hughes - 19. Max Weber-John Rex - 20. A. R. Radcliff-Brown-John Beattie - 21. Bronislaw Malinowski-Audrey Richards - 22. Pitirim Sorokin-F. R. Cowell - 23. Karl Mannheim-Jean Floud - 24. Talcott Parsons-Roland Robertson </subfield>
  </datafield>
  <datafield tag="942" ind1=" " ind2=" ">
    <subfield code="c">BK</subfield>
  </datafield>
  <datafield tag="590" ind1=" " ind2=" ">
    <subfield code="a">niveau_biblio:m niveau_hierar:0</subfield>
  </datafield>
  <datafield tag="100" ind1="1" ind2=" ">
    <subfield code="a">Raison, Timothy</subfield>
  </datafield>
  <datafield tag="999" ind1=" " ind2=" ">
    <subfield code="c">5806</subfield>
    <subfield code="d">5806</subfield>
  </datafield>
  <datafield tag="952" ind1=" " ind2=" ">
    <subfield code="0">0</subfield>
    <subfield code="1">0</subfield>
    <subfield code="4">0</subfield>
    <subfield code="7">0</subfield>
    <subfield code="a">BCEJYS</subfield>
    <subfield code="b">BCEJYS</subfield>
    <subfield code="c">16</subfield>
    <subfield code="d">2026-04-07</subfield>
    <subfield code="l">0</subfield>
    <subfield code="o">316 R149</subfield>
    <subfield code="p">L23530</subfield>
    <subfield code="r">2026-04-07 15:58:24</subfield>
    <subfield code="w">2026-04-07</subfield>
    <subfield code="y">L</subfield>
  </datafield>
</record>
